| 000 | 00599nam a2200217 a 4500 | ||
|---|---|---|---|
| 005 | 20140310183416.0 | ||
| 008 | 070920s19uu xx 00 eng d | ||
| 020 | _a749448237 | ||
| 050 |
_aHD 59 _b.G683 2007 |
||
| 100 | _aGreen, Andy | ||
| 245 |
_aCreativity in Public Relations. / _cAndy Green |
||
| 250 | _a3rd ed. | ||
| 260 |
_aLondon, United Kingdom : _bKogan Page, _c2007. |
||
| 300 |
_a244 p. : _bill. ; _c24 cm. |
||
| 521 | _aMC | ||
| 650 | _aPublic relations. | ||
| 650 | _aCreative thinking. | ||
| 650 | _aCreative ability in business. | ||
| 942 |
_cBK _2lcc _kFOR |
||
| 999 |
_c22575 _d22575 |
||